| 000 | 00403nam a2200145 a 4500 | ||
|---|---|---|---|
| 001 | 1061 | ||
| 003 | CDMR | ||
| 005 | 20130311112734.0 | ||
| 008 | 130130s1999||||||||||||||||||||||||||||d | ||
| 040 |
_aCDMR _bcat _cCPC LLEIDA |
||
| 100 | 1 |
_aFernández Areal, Manuel _9421 |
|
| 245 | 1 | 3 |
_aEl proceso comunicativo _cFERNANDEZ AREAL, Manuel |
| 260 |
_aPontevedra _c1999 _bDiputación de Pontevedra |
||
| 942 |
_cMON _2udc |
||
| 999 |
_c1061 _d1061 |
||